Loading...
| Fine Arts - Classical Music | 0 | 8 | 0 | 0 | 80 | 51 | 100.25 | 1 | 4 | 17.99 | 42.46 |
| Literature - American | 0 | 6 | 0 | 0 | 60 | 90 | 111.83 | 0 | 1 | 11.31 | 20.65 |
| Literature - British | 0 | 5 | 0 | 0 | 50 | 126 | 135.80 | 0 | 1 | 0.13 | 14.52 |
| Literature - European | 0 | 5 | 0 | 0 | 50 | 58 | 110.20 | 0 | 2 | 9.73 | 20.00 |
| Fine Arts - Visual | 0 | 5 | 0 | 0 | 50 | 108 | 125.40 | 0 | 0 | 2.79 | 7.83 |
| Science - Biology | 0 | 5 | 1 | 1 | 45 | 32 | 83.40 | 1 | 4 | 14.29 | 29.55 |
| Science - Chemistry | 0 | 4 | 0 | 0 | 40 | 108 | 116.75 | 0 | 0 | 0.52 | 10.14 |
| Science - Other | 0 | 4 | 0 | 0 | 40 | 83 | 110.00 | 0 | 1 | 2.87 | 13.55 |
| Mythology | 0 | 4 | 0 | 2 | 40 | 62 | 112.50 | 0 | 1 | 6.38 | 14.52 |
| Social Science | 0 | 2 | 0 | 0 | 20 | 62 | 97.00 | 1 | 1 | 4.31 | 10.23 |
| Philosophy | 0 | 2 | 0 | 1 | 20 | 105 | 115.50 | 0 | 1 | 1.20 | 7.95 |
| History - European | 0 | 2 | 1 | 1 | 15 | 128 | 130.00 | 0 | 0 | 0.00 | 3.73 |
| Fine Arts - Other | 0 | 1 | 0 | 1 | 10 | 134 | 134.00 | 0 | 0 | 0.00 | 2.02 |
| Religion | 0 | 1 | 0 | 0 | 10 | 117 | 117.00 | 0 | 1 | 1.09 | 7.95 |
| Other Academic | 0 | 1 | 0 | 1 | 10 | 129 | 129.00 | 0 | 0 | 0.00 | 18.75 |
| Science - Physics | 0 | 1 | 0 | 0 | 10 | 126 | 126.00 | 0 | 0 | 0.00 | 1.01 |
| Literature - World/Other | 0 | 2 | 2 | 0 | 10 | 133 | 133.00 | 0 | 0 | 0.51 | 5.56 |
| History - Other | 0 | 1 | 1 | 0 | 5 | 129 | 129.00 | 0 | 0 | -0.07 | 1.01 |
| History - World | 0 | 1 | 1 | 0 | 5 | 122 | 122.00 | 0 | 0 | 0.00 | 1.30 |